000 00790nas a2200277 4500
001 BR9103734
003 BR-BrBNA
005 20231205092130.0
007 ta
008 230509b bl.|||p| |||| 00| 00por d
040 _aBR-BrBNA
_bpor
_cBiblioteca Nacional de Agricultura
041 _a(Pt)
072 _aL74
100 1 _aDale, N.
245 1 _aProblema de pernas de etiologia nao-infecciosa em frangos de corte
650 _aFRANGO DE CORTE
650 _aPERNA
650 _aDEFICIENCIA NUTRICIONAL
650 _aMICROELEMENTO
650 _aVITAMINA D
650 _aCALCIO
650 _aFOSFORO
773 0 _tAvicultura Industrial (Brazil)
_xISSN 0101-2258
_g(Feb 1986), v. 76(914) p. 28-30
_wBR9103734
909 _a202311
_bLúcia
_c55
_dLúcia Elande
942 _2AGRIS
_n0
_cANA
999 _c129569
_d129569